| 000 | 00780nam a2200277 a 4500 | ||
|---|---|---|---|
| 003 | PILC | ||
| 005 | 20150929152459.0 | ||
| 008 | 060727s19uu xx 00 eng d | ||
| 020 | _a0-7817-5266-3 | ||
| 050 |
_aRT 41 _b.T46 2004 |
||
| 100 | _aSmeltzer, Suzanne C., edited by | ||
| 245 |
_aBrunner & Suddarth's textbook of medical surgicak nursing / _bSuzanne C. Smeltzer. |
||
| 250 | _a10th ed. | ||
| 260 |
_aU.S.A : _bLippinott Williams & Wilkins, _c2004. |
||
| 300 |
_a1-81 : _bill .; _c26 cm. |
||
| 650 | _aNursing. | ||
| 650 | _aNursing care. | ||
| 650 | _aSurgical Nursing. | ||
| 700 | _aBare, Brenda C. | ||
| 700 | _aand more than 50 contributors | ||
| 942 |
_cBK _2lcc _kFOR |
||
| 999 |
_c23154 _d23154 |
||